Farben der Euro-Scheine - Statistiken

Allgemein
  • Dieses Quiz wurde 193 mal gespielt
  • Das Durchschnittsergebnis liegt bei 6 aus 7
Antwortstatistiken
Geldwert in € Farbe % Korrekt
100 Grün
96%
20 Blau
93%
500 Lila
92%
200 Gelb
90%
10 Rot
85%
50 Orange
78%
5 Grau
59%
Keine übereinstimmenden Quizze gefunden
Verteilung der Resultate
Anzahl Personen mit jedem Resultat
Perzentil nach korrekt beantworteten Fragen
Ihre Resultats-Entwicklung
Sie haben dieses Quiz noch nicht gespielt